00558nam a2200181Ia 450000500170000000800410001704000190005804100120007708200150008924500840010426000440018830000140023250400400024665000180028665100330030470000290033785000100036620230609122123.0131103s9999 xx 000 0 und d aLoreto College aEnglish a808.2bCOR aComedyb meaning and form cedited with an introduction by Robert W. Corrigan aScrantonbChandler Publishing Co.c1965 ax,481 p.  aIncludes bibliographical references aLiterature -  aRhetoric -Drama - Comedy -  aCorrigan, Robert W., ed. aLCLIB